00402nmm a22001577a 450000500170000000800410001704100080005808200100006610000290007624500570010526000090016265000150017170000120018671000220019885600240022020161103145409.0161101b xxu||||| |||| 00| 0 spa d aspa aTU 13 aValverde Fallas, Yuliana aAgencia de Viajes UPSSA Travel : servicio al cliente c2014 aCOSTA RICA aTURISMO aAGENCIA DE VIAJES uSERVICIO AL CLIENTE